|
|
|
|
| LEADER |
00000nam0a2200000 4500 |
| 001 |
36953 |
| 005 |
20231101210413.0 |
| 010 |
|
|
|a 5279023140
|
| 035 |
|
|
|a (RuTPU)RU\TPU\book\37496
|
| 090 |
|
|
|a 36953
|
| 100 |
|
|
|a 20011214d2001 m y0rusy50 ca
|
| 101 |
0 |
|
|a rus
|
| 102 |
|
|
|a RU
|
| 105 |
|
|
|a y j 001zy
|
| 200 |
1 |
|
|a Основы информационного менеджмента
|e учебник
|f А. В. Костров
|
| 210 |
|
|
|a Москва
|c Финансы и статистика
|d 2001
|
| 215 |
|
|
|a 336 с.
|
| 320 |
|
|
|a Библиогр.: с. 321-324.
|
| 320 |
|
|
|a Словарь терминов: с. 315-320.
|
| 320 |
|
|
|a Предм. указ.: с. 327-330.
|
| 606 |
1 |
|
|a Информационный менеджмент
|2 stltpush
|3 (RuTPU)RU\TPU\subj\69566
|9 84367
|
| 610 |
1 |
|
|a экономика
|
| 610 |
1 |
|
|a информатика
|
| 610 |
1 |
|
|a управление
|
| 610 |
1 |
|
|a информационные системы
|
| 610 |
1 |
|
|a информатизация
|
| 610 |
1 |
|
|a планирование
|
| 610 |
1 |
|
|a организационная структура
|
| 610 |
1 |
|
|a инновации
|
| 610 |
1 |
|
|a персонал
|
| 610 |
1 |
|
|a капиталовложения
|
| 610 |
1 |
|
|a информационные ресурсы
|
| 610 |
1 |
|
|a защита
|
| 610 |
1 |
|
|a учебники
|
| 686 |
|
|
|a У9(2)39я73
|v LBC/SL-A
|2 rubbk
|
| 700 |
|
1 |
|a Костров
|b А. В.
|g Алексей Владимирович
|
| 801 |
|
1 |
|a RU
|b 63413507
|c 20011214
|g PSBO
|
| 801 |
|
2 |
|a RU
|b 63413507
|c 20220425
|g PSBO
|
| 900 |
|
|
|a Коммуникационный менеджмент
|
| 942 |
|
|
|c BK
|